US States With At Least One Springfield - Sudden Death - Extreme Speed - Statistics

General Stats
  • This quiz has been taken 25 times
  • The average score is 5 of 31
Answers on the Grid
Answers color-coded by a green-red scale on the quiz's grid according to % correct below.
Alabama
Alaska
Arizona
Arkansas
California
Colorado
Connecticut
Delaware
Florida
Georgia
Hawaii
Idaho
Illinois
Indiana
Iowa
Kansas
Kentucky
Louisiana
Maine
Maryland
Massachusetts
Michigan
Minnesota
Mississippi
Missouri
Montana
Nebraska
Nevada
New Hampshire
New Jersey
New Mexico
New York
North Carolina
North Dakota
Ohio
Oklahoma
Oregon
Pennsylvania
Rhode Island
South Carolina
South Dakota
Tennessee
Texas
Utah
Vermont
Virginia
Washington
West Virginia
Wyoming
Wisconsin
 
Answer Stats
Answer % Correct
Illinois
50%
Virginia
50%
Massachusetts
40%
Missouri
40%
Oregon
40%
Michigan
30%
New York
30%
Arkansas
20%
Colorado
20%
Florida
20%
Georgia
20%
Kentucky
20%
Ohio
20%
Tennessee
20%
Louisiana
10%
Nebraska
10%
New Jersey
10%
South Carolina
10%
South Dakota
10%
Wisconsin
10%
Alabama
0%
California
0%
Idaho
0%
Indiana
0%
Maine
0%
Minnesota
0%
New Hampshire
0%
Pennsylvania
0%
Texas
0%
Vermont
0%
West Virginia
0%
No matching quizzes found
Score Distribution
Percent of People with Each Score
Percentile by Number Answered
Your Score History
You have not taken this quiz